Statistics for Horror Movie Co-Stars

Click here to take the quiz!

General Stats

  • This quiz has been taken 5,011 times
  • The average score is 12 of 19

Answer Stats

Co-Stars Movie % Correct
Jodie Foster, Anthony HopkinsThe Silence of the Lambs
89%
Neve Campbell, Courteney CoxScream
88%
Jack Nicholson, Shelley DuvallThe Shining
88%
Brad Pitt, Morgan FreemanSe7en
86%
Bruce Willis, Haley Joel OsmentThe Sixth Sense
81%
Jamie Lee Curtis, Tony MoranHalloween
81%
James Caan, Kathy BatesMisery
71%
Sigourney Weaver, Paul ReiserAliens
70%
Jennifer Love Hewitt,
Sarah Michelle Gellar
I Know What You Did
Last Summer
67%
Johnny Depp, Robert EnglundA Nightmare on Elm Street
67%
Jeff Goldblum, Geena DavisThe Fly
65%
Brad Pitt, Tom CruiseInterview with the Vampire
56%
Vince Vaughn, Anne HechePsycho
54%
Elisha Cuthbert, Paris HiltonHouse of Wax
50%
Naomi Watts, Martin HendersonThe Ring
46%
Leonardo DiCaprio, Ben KingsleyShutter Island
46%
Cary Elwes, Danny GloverSaw
44%
Gary Oldman, Keanu ReevesBram Stoker's Dracula
41%
Al Pacino, Charlize TheronThe Devil's Advocate
40%

Score Distribution

Percentile by Number Answered

Percent of People with Each Score

Your Score History

You have not taken this quiz